Words Starting With J - Statistics

General Stats
  • This quiz has been taken 44 times
  • The average score is 37 of 50
Answer Stats
Hint Answer % Correct
a large wild cat Jaguar
100%
put on bread Jam
100%
occupation Job
100%
hopping Jump
98%
a month June
98%
a month January
95%
an Asian country Japan
95%
slow run Jog
95%
a month July
95%
sweaters; coats Jacket
93%
prison Jail
93%
an Carribean country Jamaica
93%
used to store sauce or pickles Jar
93%
mad at another for recieving something better Jealous
90%
plane Jet
90%
Batman arch nemesis Joker
90%
a diary Journal
90%
leader at court Judge
90%
pearls; necklace; bracelets Jewelry
88%
green stone Jade
85%
a type of music Jazz
85%
a clown for royalty Jester
85%
used to pour liquid Jug
85%
sign of Christianity Jesus
83%
puzzle Jigsaw
83%
person who writes for newspapers Journalist
83%
man who cleans Janitor
80%
a liquid Juice
80%
rainforest Jungle
80%
a large cash prize won Jackpot
78%
punch Jab
75%
a pepper Jalapeno
75%
teeth and gum Jaw
75%
a dessert Jelly
75%
a island in Indonesia Java
70%
halloween pumpkin Jack-O-Lantern
68%
blue bird Jay
68%
an Asian country Jordan
65%
pants Jeans
63%
an underwater invertebrate Jellyfish
55%
throwing balls in a continous motion Juggle
55%
sharp Jagged
53%
a truck brand Jeep
53%
water vehicle Jet-Ski
48%
mixing up Jumble
43%
happy Jolly
38%
a game kids play Jump Rope
28%
an exercise Jumping Jacks
25%
completely different its weird Jarring
8%
a sweet snack Jelly Beans
8%
No matching quizzes found
Score Distribution
Percent of People with Each Score
Percentile by Number Answered
Your Score History
You have not taken this quiz